<?xml version="1.0" encoding="UTF-8"?>
<record
    xmlns:xsi="http://www.w3.org/2001/XMLSchema-instance"
    xsi:schemaLocation="http://www.loc.gov/MARC21/slim http://www.loc.gov/standards/marcxml/schema/MARC21slim.xsd"
    xmlns="http://www.loc.gov/MARC21/slim">

  <leader>00895nam a2200217Ia 4500</leader>
  <controlfield tag="003">OSt</controlfield>
  <controlfield tag="005">20200726005537.0</controlfield>
  <controlfield tag="008">191128s1994    ck ad  fr     000 0 spa d</controlfield>
  <datafield tag="040" ind1=" " ind2=" ">
    <subfield code="a">CO-JMCR</subfield>
    <subfield code="c">CO-JMCR</subfield>
  </datafield>
  <datafield tag="041" ind1="0" ind2=" ">
    <subfield code="a">spa</subfield>
  </datafield>
  <datafield tag="082" ind1="0" ind2="4">
    <subfield code="a">339 /</subfield>
    <subfield code="b">C718r</subfield>
    <subfield code="2">23</subfield>
  </datafield>
  <datafield tag="110" ind1="1" ind2=" ">
    <subfield code="a">Colombia.</subfield>
    <subfield code="b">Ministerio de Salud</subfield>
    <subfield code="9">7852</subfield>
  </datafield>
  <datafield tag="245" ind1="1" ind2="3">
    <subfield code="a">La reforma de la seguridad social en salud / </subfield>
    <subfield code="c">Ministerio de salud</subfield>
  </datafield>
  <datafield tag="250" ind1=" " ind2=" ">
    <subfield code="a">Primera edici&#xF3;n</subfield>
  </datafield>
  <datafield tag="260" ind1=" " ind2=" ">
    <subfield code="a">Bogota : </subfield>
    <subfield code="b">Ministerio de salud, </subfield>
    <subfield code="c">1994</subfield>
  </datafield>
  <datafield tag="300" ind1=" " ind2=" ">
    <subfield code="a">605 p&#xE1;ginas : </subfield>
    <subfield code="b">gr&#xE1;ficos a blanco y negro ; </subfield>
    <subfield code="c">24 cm.</subfield>
  </datafield>
  <datafield tag="505" ind1="0" ind2=" ">
    <subfield code="a">Conclusiones de la comisi&#xF3;n transitoria creada por la constituci&#xF3;n pol&#xED;tica de 1991 -- Propuesta de reforma disponibles al comenzar la preparaci&#xF3;n del proyecto de reforma al sistema de seguridad social en salud</subfield>
  </datafield>
  <datafield tag="650" ind1="1" ind2="4">
    <subfield code="a">Reforma seguridad social  </subfield>
    <subfield code="z">Colombia</subfield>
    <subfield code="9">7853</subfield>
  </datafield>
  <datafield tag="650" ind1="1" ind2="4">
    <subfield code="a">Seguridad social</subfield>
    <subfield code="z">Colombia</subfield>
    <subfield code="9">7785</subfield>
  </datafield>
  <datafield tag="942" ind1=" " ind2=" ">
    <subfield code="2">ddc</subfield>
    <subfield code="c">BK</subfield>
  </datafield>
  <datafield tag="999" ind1=" " ind2=" ">
    <subfield code="c">6309</subfield>
    <subfield code="d">6309</subfield>
  </datafield>
  <datafield tag="952" ind1=" " ind2=" ">
    <subfield code="0">0</subfield>
    <subfield code="1">0</subfield>
    <subfield code="2">ddc</subfield>
    <subfield code="4">0</subfield>
    <subfield code="7">0</subfield>
    <subfield code="8">NFIC</subfield>
    <subfield code="a">CPL</subfield>
    <subfield code="b">CPL</subfield>
    <subfield code="d">2017-12-01</subfield>
    <subfield code="e">Donaci&#xF3;n</subfield>
    <subfield code="l">1</subfield>
    <subfield code="o">339 / M275m </subfield>
    <subfield code="p">430012387</subfield>
    <subfield code="r">2024-05-16 00:00:00</subfield>
    <subfield code="s">2023-06-13</subfield>
    <subfield code="t">Ej.1</subfield>
    <subfield code="y">BK</subfield>
  </datafield>
</record>
